NEUROSCIENCE OF THE STUDY OF COMMUNICATIVE DISORDERS (Record no. 15421)

MARC details
000 -LEADER
fixed length control field 00386nam a22001577a 4500
003 - CONTROL NUMBER IDENTIFIER
control field SGT
020 ## - INTERNATIONAL STANDARD BOOK NUMBER
International Standard Book Number 978-16091-3811-4
082 ## - DEWEY DECIMAL CLASSIFICATION NUMBER
Classification number 612.8
Item number N13B
100 ## - MAIN ENTRY--PERSONAL NAME
Personal name BHATNAGAR, SHUASH C.
245 ## - TITLE STATEMENT
Title NEUROSCIENCE OF THE STUDY OF COMMUNICATIVE DISORDERS
250 ## - EDITION STATEMENT
Edition statement 4TH
260 ## - PUBLICATION, DISTRIBUTION, ETC. (IMPRINT)
Place of publication, distribution, etc PHILADELPHIA
Name of publisher, distributor, etc WOLTER KULWER
Year of Publication 2013
300 ## - PAGE DESCRIPTION
No. of Pages 581
650 ## - SUBJECT ADDED ENTRY--TOPICAL TERM
Topical term or geographic name as entry element NEUROSCIENCE
942 ## - ADDED ENTRY ELEMENTS (KOHA)
Source of classification or shelving scheme Dewey Decimal Classification
Koha item type Books
Holdings
Withdrawn status Lost status Source of classification or shelving scheme Damaged status Not for loan Collection code Home library Current library Shelving location Date acquired Vendor Name SGTU Bill Number Total Checkouts Full call number Accession No. (Barcode) Date last seen Bill Date Koha item type
    Dewey Decimal Classification   Not For Loan MEDICAL SGT Medical Library SGT Medical Library Reference Book 06/04/2018 ABC SGTU 9529   612.8 N13B FM10551 06/04/2018 26/03/2018 Books